| 000 | 00780cam a2200217 i 4500 | ||
|---|---|---|---|
| 001 | 2234660 | ||
| 005 | 20180104073305.0 | ||
| 008 | 761207r19761925miuaf b 001 0 eng | ||
| 010 | _a 76029691 | ||
| 020 | _a0403072042 | ||
| 040 |
_aDLC _cDLC _dDLC |
||
| 041 | _aeng | ||
| 080 | _a909 | ||
| 082 | 0 | 0 | _a909 WEL |
| 100 | 1 | _a21 | |
| 101 | _aGJL | ||
| 245 | 1 | 4 |
_aThe outline of history : _cby H. G. Wells ; written originally with the advice and editorial help of Ernest Barker ... [et al.] ; illustrated with line drawings by J. F. Horrabin, and with reproductions of many famous paintings. |
| 504 | _aIncludes bibliographical references and index. | ||
| 906 |
_a7 _bcbc _corignew _d2 _eocip _f19 _gy-gencatlg |
||
| 942 |
_2ddc _cBK |
||
| 999 |
_c39724 _d39724 |
||